[Event "Corr"]
[Site "?"]
[Date "1999.11.03"]
[Round "?"]
[White "Tarnowiecki Harald"]
[Black "Elwert Hans-Marcus (GER)"]
[Result "1/2-1/2"]
[WhiteElo "2676"]
[BlackElo "2681"]
[PlyCount "45"]
[EventDate "1999.??.??"]
[Source "www.chesslib.no"]
[SourceDate "2004.05.04"]

1. e4 c5 2. Nc3 Nc6 3. g3 g6 4. Bg2 Bg7 5. d3 d6 6. f4 e6 7. Nf3 Nge7 8. O-O O-O 9. Bd2 Rb8 10. Rb1 b5 11. a3 Qd7 12. b4 a6 13. bxc5 Qa7 14. Kh1 Qxc5 15. e5 d5 16. Qc1 Bd7 17. Ne2 b4 18. Be3 Qa5 19. Rb3 Rfc8 20. Bd2 Qc5 21. Be3 Qa5 22. Bd2 Qc5 23. Be3 1/2-1/2

[Event "Bundesliga"]
[Site "Bundesliga"]
[Date "1981.??.??"]
[Round "2"]
[White "Spassky, Boris Vasily"]
[Black "Hort, Vlastimil"]
[Result "1-0"]
[WhiteElo "2635"]
[BlackElo "2575"]
[PlyCount "47"]
[EventDate "1981.??.??"]
[Source "www.chesslib.no"]
[SourceDate "2004.05.04"]

1. e4 c5 2. Nc3 Nc6 3. g3 g6 4. Bg2 Bg7 5. d3 d6 6. f4 e6 7. Nf3 Nge7 8. O-O Bd7 9. Be3 Nd4 10. Rb1 Rc8 11. Bf2 Nec6 12. Ne2 Qa5 13. Nexd4 Nxd4 14. c3 Nxf3+ 15. Qxf3 Bc6 16. g4 O-O 17. f5 f6 18. fxe6 Qxa2 19. Qd1 Qa5 20. b4 cxb4 21. cxb4 Qa4 22. b5 Bxb5 23. Qxa4 Bxa4 24. Rxb7 1-0

[Event "Monaco"]
[Site "?"]
[Date "1994.??.??"]
[Round "?"]
[White "Spassky, B."]
[Black "Polgar, Judit"]
[Result "0-1"]
[WhiteElo "2565"]
[BlackElo "2630"]
[PlyCount "94"]
[EventDate "1994.??.??"]
[Source "ChessBase"]
[SourceDate "1994.06.01"]

1. e4 c5 2. Nc3 Nc6 3. g3 g6 4. Bg2 Bg7 5. d3 d6 6. f4 e6 7. Nf3 Nge7 8. O-O O-O 9. Bd2 Rb8 10. Rb1 b5 11. a3 Qd7 12. Kh1 a5 13. a4 b4 14. Nb5 Na7 15. Nxa7 Qxa7 16. Be3 d5 17. e5 d4 18. Bd2 b3 19. cxb3 Ba6 20. Qc2 Qb6 21. Rfc1 Rfc8 22. Ne1 Nd5 23. Be4 Bf8 24. Qd1 Be7 25. Nc2 f5 26. exf6 Nxf6 27. Bg2 Bxd3 28. Bxa5 Bxc2 29. Qd2 Qa6 30. Rxc2 Ra8 31. b4 d3 32. Rcc1 cxb4 33. Bc7 Nd5 34. Be5 b3 35. Rd1 Nb4 36. Bxa8 Rc2 37. Bg2 Rxd2 38. Rxd2 Bc5 39. Bc3 Nd5 40. Rbd1 Nxc3 41. bxc3 Qxa4 42. Rxd3 b2 43. Bf3 Qc2 44. Rd8+ Kf7 45. R8d7+ Kf6 46. Rb7 h5 47. c4 Bb4 0-1

[Event "Gjovik"]
[Site "Gjovik"]
[Date "1983.??.??"]
[Round "?"]
[White "Spassky, Boris V"]
[Black "Miles, Anthony J"]
[Result "1/2-1/2"]
[WhiteElo "2605"]
[BlackElo "2585"]
[PlyCount "119"]
[EventDate "1983.08.??"]
[Source "ChessBase"]

1. e4 c5 2. Nc3 Nc6 3. g3 g6 4. Bg2 Bg7 5. d3 d6 6. f4 e6 7. Nf3 Nge7 8. O-O O-O 9. Be3 Nd4 10. Bf2 Nec6 11. Nxd4 Nxd4 12. Rb1 Bd7 13. Ne2 Qa5 14. c3 Nxe2+ 15. Qxe2 Qxa2 16. e5 Qb3 17. exd6 Rfc8 18. f5 gxf5 19. g4 Bc6 20. Bh4 fxg4 21. Qxg4 f5 22. Qg3 Kh8 23. Bxc6 bxc6 24. Qf3 Rg8 25. Kh1 Raf8 26. Be7 Re8 27. Rg1 Qb7 28. Rxg7 Rxg7 29. Bf6 Rf8 30. Be5 Rff7 31. Re1 Qd7 32. Qe3 Kg8 33. Bxg7 Rxg7 34. Qxe6+ Qxe6 35. Rxe6 Rd7 36. Rf6 Rf7 37. Re6 Rd7 38. Kg2 Kf7 39. Rh6 Kg7 40. Re6 Kf7 41. Re5 Rxd6 42. Rxf5+ Ke7 43. Rf3 Rd7 44. Rh3 Kd6 45. Kf3 Kc7 46. Ke3 Kb6 47. Rh4 a5 48. Kd2 Kb5 49. Kc2 a4 50. Rh5 Kb6 51. Rh3 Kb5 52. Kb1 Ka5 53. Ka2 Kb6 54. Rh5 Rxd3 55. Rxh7 Rd2 56. h4 Rh2 57. h5 Kb5 58. h6 Kc4 59. Ra7 Rxh6 60. Rxa4+ 1/2-1/2

[Event "32. TCh-GRE"]
[Site "?"]
[Date "2003.07.09"]
[Round "6"]
[White "Gelashvili Tamaz"]
[Black "Miladinovic Igor"]
[Result "1/2-1/2"]
[WhiteElo "2520"]
[BlackElo "2609"]
[PlyCount "20"]
[EventDate "2003.??.??"]
[Source "www.chesslib.no"]
[SourceDate "2004.05.04"]

1. e4 c5 2. Nc3 Nc6 3. g3 g6 4. Bg2 Bg7 5. d3 d6 6. f4 b6 7. Nf3 Bb7 8. O-O Qd7 9. Be3 Nh6 10. h3 f5 1/2-1/2

[Event "Elenite"]
[Site "Elenite"]
[Date "1992.??.??"]
[Round "11"]
[White "Spasov, Vasil"]
[Black "Kurajica, Bojan"]
[Result "1/2-1/2"]
[WhiteElo "2535"]
[BlackElo "2590"]
[PlyCount "23"]
[EventDate "1992.??.??"]
[Source "ChessBase"]

1. e4 c5 2. Nc3 Nc6 3. g3 g6 4. Bg2 Bg7 5. d3 d6 6. f4 e6 7. Nf3 Nge7 8. O-O O-O 9. Be3 Nd4 10. Qd2 Nxf3+ 11. Bxf3 Nc6 12. Bg2 1/2-1/2

[Event "I Torneo Iberoamericano"]
[Site "Ayamonte"]
[Date "2004.11.18"]
[Round "8.2"]
[White "Rodriguez, Andres"]
[Black "Felgaer, Ruben"]
[Result "0-1"]
[WhiteElo "2533"]
[BlackElo "2569"]
[PlyCount "66"]
[EventDate "2004.11.11"]
[Source "Roberto Alvarez"]
[SourceDate "2004.11.22"]

1. e4 c5 2. Nc3 Nc6 3. g3 g6 4. Bg2 Bg7 5. d3 d6 6. f4 e6 7. Nf3 Nge7 8. Be3 Nd4 9. O-O O-O 10. Qd2 d5 11. Bf2 Nxf3+ 12. Bxf3 d4 13. Ne2 e5 14. c3 Nc6 15. cxd4 cxd4 16. b4 a6 17. a4 Be6 18. b5 Na5 19. Qb4 Nb3 20. Rad1 axb5 21. axb5 Qa5 22. Be1 Qxb4 23. Bxb4 Rfc8 24. fxe5 g5 25. Be7 g4 26. Bg2 Rc2 27. Nf4 Raa2 28. Bh1 Nd2 29. Rfe1 Nf3+ 30. Bxf3 gxf3 31. Rf1 Bh6 32. Rxf3 Bg4 33. Rff1 Bxf4 0-1

[Event "Hannover"]
[Site "Hannover"]
[Date "1983.??.??"]
[Round "10"]
[White "Bastian, Herbert"]
[Black "Karpov, Anatoly"]
[Result "0-1"]
[WhiteElo "2375"]
[BlackElo "2710"]
[PlyCount "54"]
[EventDate "1983.08.??"]
[Source "ChessBase"]

1. e4 c5 2. Nc3 Nc6 3. g3 g6 4. Bg2 Bg7 5. d3 d6 6. f4 e6 7. Nf3 Nge7 8. O-O O-O 9. Be3 Nd4 10. Rb1 b6 11. Ne2 Nxf3+ 12. Bxf3 Bb7 13. c3 Qd7 14. g4 f5 15. Ng3 Rae8 16. Qb3 Kh8 17. Rbe1 e5 18. gxf5 gxf5 19. Bh5 Ng6 20. exf5 exf4 21. Bxg6 Qc6 22. Ne4 Rxe4 23. f6 Rxe3 24. fxg7+ Kxg7 25. Be4 d5 26. Bh1 Qg6+ 27. Kf2 Qh5 0-1

[Event "SU ch tt"]
[Site "?"]
[Date "1990.??.??"]
[Round "?"]
[White "Balashov, Yuri S"]
[Black "Pigusov, Evgeny A"]
[Result "1-0"]
[WhiteElo "2535"]
[BlackElo "2545"]
[PlyCount "77"]
[EventDate "1990.??.??"]
[Source "www.chesslib.no"]
[SourceDate "2004.05.04"]

1. e4 c5 2. Nc3 Nc6 3. g3 g6 4. Bg2 Bg7 5. d3 d6 6. f4 e6 7. Nf3 Nge7 8. O-O O-O 9. Be3 Nd4 10. e5 Qb6 11. Rb1 Nef5 12. Bf2 Nxf3+ 13. Qxf3 dxe5 14. fxe5 Bxe5 15. Ne4 Nd4 16. Qd1 f5 17. Nd2 Qc7 18. c3 Nb5 19. Qe2 a6 20. a4 Na7 21. Nc4 Bf6 22. b4 cxb4 23. Nb6 Rb8 24. Nxc8 Nxc8 25. Qxe6+ Kg7 26. cxb4 Qd6 27. Qxd6 Nxd6 28. Rbc1 Rf7 29. Rc5 Bg5 30. h4 Bd2 31. Bd4+ Kh6 32. Rd5 Rd7 33. Bf3 Rbd8 34. Bb6 Re8 35. Bc5 Red8 36. g4 fxg4 37. Bxg4 Nf5 38. Rxd7 Rxd7 39. Bf8+ 1-0

[Event "HUN-ch"]
[Site "HUN"]
[Date "1991.??.??"]
[Round "5"]
[White "Sax, Gyula"]
[Black "Tolnai, Tibor"]
[Result "1/2-1/2"]
[WhiteElo "2600"]
[BlackElo "2480"]
[PlyCount "64"]
[EventDate "1991.12.??"]
[Source "ChessBase"]

1. e4 c5 2. Nc3 Nc6 3. g3 g6 4. Bg2 Bg7 5. d3 d6 6. f4 Nh6 7. Nf3 O-O 8. h3 f5 9. O-O Kh8 10. Ne2 Rb8 11. c3 e5 12. Be3 b6 13. Qd2 Nf7 14. exf5 gxf5 15. Rad1 Ne7 16. fxe5 dxe5 17. d4 cxd4 18. cxd4 e4 19. Nh4 Nd6 20. Bg5 Kg8 21. Nf4 Nf7 22. Bxe7 Qxe7 23. Nxf5 Bxf5 24. Nd5 Qd6 25. Rxf5 Nh6 26. Rg5 Nf7 27. Rh5 Qxg3 28. Ne7+ Kh8 29. Qf4 Qxf4 30. Ng6+ Kg8 31. Ne7+ Kh8 32. Ng6+ Kg8 1/2-1/2

[Event "FRG-ch International"]
[Site "Munich"]
[Date "1979.??.??"]
[Round "?"]
[White "Spassky, Boris V"]
[Black "Robatsch, Karl"]
[Result "1/2-1/2"]
[WhiteElo "2640"]
[BlackElo "2435"]
[PlyCount "26"]
[EventDate "1979.02.??"]
[Source "ChessBase"]

1. e4 c5 2. Nc3 Nc6 3. g3 g6 4. Bg2 Bg7 5. d3 d6 6. f4 e6 7. Nf3 Nge7 8. O-O O-O 9. Rb1 Rb8 10. Be3 b5 11. a3 a5 12. a4 bxa4 13. Nxa4 Nd4 1/2-1/2

[Event "22nd GP Open A"]
[Site "Le Touquet FRA"]
[Date "2007.10.30"]
[Round "5"]
[White "Starostits, I."]
[Black "Ikonnikov, Vy"]
[Result "1/2-1/2"]
[WhiteElo "2511"]
[BlackElo "2555"]
[PlyCount "40"]
[EventDate "2007.10.27"]
[Source "www.chesslib.no"]
[SourceDate "2004.05.04"]

1. e4 c5 2. Nc3 Nc6 3. g3 g6 4. Bg2 Bg7 5. d3 d6 6. f4 e6 7. Nf3 Nge7 8. O-O O-O 9. Be3 b6 10. Bf2 Bb7 11. Qd2 Qd7 12. Rad1 Nd4 13. Nxd4 cxd4 14. Ne2 e5 15. c3 dxc3 16. Nxc3 exf4 17. gxf4 d5 18. Bh4 d4 19. Ne2 f5 20. Qb4 Nc6 1/2-1/2

[Event "Biel (open)"]
[Site "?"]
[Date "2004.??.??"]
[Round "?"]
[White "Tischbierek, R."]
[Black "Avrukh, B."]
[Result "0-1"]
[WhiteElo "2465"]
[BlackElo "2600"]
[PlyCount "52"]
[EventDate "2004.??.??"]
[Source "Chess Informant"]
[SourceDate "2004.10.01"]

1. e4 c5 2. Nc3 Nc6 3. g3 g6 4. Bg2 Bg7 5. d3 d6 6. f4 e6 7. Nf3 Nge7 8. O-O O-O 9. Be3 b6 10. d4 Ba6 11. Re1 Rc8 12. a4 d5 13. exd5 exd5 14. Bf2 Nf5 15. dxc5 d4 16. Ne4 Nb4 17. Qd2 bxc5 18. Nxc5 Rxc5 19. Qxb4 Rxc2 20. Ne5 d3 21. Be4 Bxe5 22. fxe5 Re8 23. Rad1 Rxe5 24. Bxd3 Rxe1+ 25. Qxe1 Bxd3 26. Qf1 Rc1 0-1

[Event "Mario Covas 3rd"]
[Site "Santos"]
[Date "2003.04.23"]
[Round "2"]
[White "Rodriguez, Andres"]
[Black "Milos, Gilberto"]
[Result "0-1"]
[WhiteElo "2479"]
[BlackElo "2586"]
[PlyCount "114"]
[EventDate "2003.04.22"]
[Source "ChessBase"]
[SourceDate "2003.07.25"]

1. e4 c5 2. Nc3 Nc6 3. g3 g6 4. Bg2 Bg7 5. d3 d6 6. f4 Nf6 7. Nf3 O-O 8. O-O Rb8 9. h3 b5 10. g4 b4 11. Ne2 a5 12. Rb1 c4 13. Be3 cxd3 14. cxd3 Ba6 15. Rf2 Qd7 16. g5 Nh5 17. Kh2 f5 18. exf5 Qxf5 19. Rc1 Nd8 20. Ba7 Rc8 21. Nh4 Rxc1 22. Nxc1 Qe6 23. f5 Qe5+ 24. Kg1 Nf4 25. fxg6 hxg6 26. Rxf4 Qxf4 27. Nxg6 Qxg5 28. Nxf8 Bb7 29. Qc2 Bxg2 30. h4 Qxh4 31. Qxg2 Kxf8 32. b3 Ne6 33. Ne2 Bf6 34. Be3 Kf7 35. Qf3 Nc7 36. Nf4 Qg5+ 37. Kf1 Qe5 38. Qh5+ Qxh5 39. Nxh5 Nd5 40. Ba7 Be5 41. Kg2 Ke6 42. Kf3 Kd7 43. d4 Bh8 44. Nf4 Nc3 45. Bb6 Nxa2 46. Nd3 Kc6 47. Bxa5 Bxd4 48. Nxb4+ Nxb4 49. Bxb4 e5 50. Be1 d5 51. Bd2 Kc5 52. Kg4 e4 53. Kf5 Bf2 54. Kf4 Kd4 55. Ba5 Kd3 56. b4 Be1 57. Ke5 Kc4 0-1

[Event "Warsaw"]
[Site "Warsaw"]
[Date "1990.??.??"]
[Round "1"]
[White "Balashov, Yuri S"]
[Black "Cvitan, Ognjen"]
[Result "1/2-1/2"]
[WhiteElo "2535"]
[BlackElo "2525"]
[PlyCount "31"]
[EventDate "1990.01.??"]
[Source "ChessBase"]

1. e4 c5 2. Nc3 Nc6 3. g3 g6 4. Bg2 Bg7 5. d3 d6 6. f4 e6 7. Nf3 Nge7 8. O-O O-O 9. Be3 Nd4 10. e5 dxe5 11. Nxe5 Rb8 12. Ne4 b6 13. c3 Ndc6 14. Nc4 Qc7 15. Qe2 Ba6 16. Rad1 1/2-1/2

[Event "Match \"]
[Site "Europe"]
[Date "1984.??.??"]
[Round "?"]
[White "Spassky, Boris Vasily"]
[Black "Radulov, Ivan G"]
[Result "1/2-1/2"]
[WhiteElo "2590"]
[BlackElo "2465"]
[PlyCount "94"]
[EventDate "1984.??.??"]
[Source "www.chesslib.no"]
[SourceDate "2004.05.04"]

1. e4 c5 2. Nc3 Nc6 3. g3 g6 4. Bg2 Bg7 5. d3 d6 6. f4 f5 7. Nf3 Nf6 8. O-O O-O 9. Bd2 Rb8 10. Qe2 e6 11. Nd1 b6 12. Nf2 Bb7 13. Bc3 Qd7 14. Rae1 Rbe8 15. Qd2 d5 16. Bxf6 Bxf6 17. e5 Be7 18. c3 d4 19. c4 Kh8 20. b3 Rg8 21. h4 h6 22. Kh2 Nd8 23. Kh1 Nf7 24. Nh3 Bxf3 25. Bxf3 h5 26. Qg2 Rc8 27. Ng5 Nxg5 28. hxg5 Kg7 29. Qe2 Rh8 30. Kg2 Rcg8 31. a4 a5 32. Rh1 Rf8 33. Rh4 Qc8 34. Reh1 Qb8 35. R1h3 Rd8 36. Qd2 Rhg8 37. Qe2 Rgf8 38. g4 fxg4 39. Bxg4 Kf7 40. Bxh5 gxh5 41. Rxh5 Rg8 42. Qe1 Ke8 43. Qe4 Kd7 44. Rh7 Qa8 45. Qxa8 Rxa8 46. Kf3 Raf8 47. Kg4 Ke8 1/2-1/2

[Event "RUS-ch"]
[Site "Elista"]
[Date "1995.??.??"]
[Round "4"]
[White "Balashov, Yuri S"]
[Black "Yakovich, Yuri"]
[Result "1/2-1/2"]
[WhiteElo "2490"]
[BlackElo "2560"]
[PlyCount "22"]
[EventDate "1995.10.??"]
[Source "ChessBase"]

1. e4 c5 2. Nc3 Nc6 3. g3 g6 4. Bg2 Bg7 5. d3 d6 6. f4 e6 7. Nf3 Nge7 8. O-O O-O 9. Be3 Nd4 10. Bf2 e5 11. Nh4 exf4 1/2-1/2

[Event "Paris Ch"]
[Site "Paris FRA"]
[Date "1989.??.??"]
[Round "9"]
[White "Abramovic, Bosko"]
[Black "Razuvaev, Yuri S"]
[Result "0-1"]
[WhiteElo "2485"]
[BlackElo "2550"]
[PlyCount "64"]
[EventDate "1989.05.??"]
[Source "www.chesslib.no"]
[SourceDate "2004.05.04"]

1. e4 c5 2. Nc3 Nc6 3. g3 g6 4. Bg2 Bg7 5. d3 d6 6. f4 e6 7. Nf3 Nge7 8. O-O O-O 9. Be3 b6 10. d4 d5 11. exd5 Nf5 12. Bf2 Ncxd4 13. Ne5 Ba6 14. Re1 Rc8 15. dxe6 Nxe6 16. Nd5 Bb7 17. c3 Ba8 18. Nd7 Re8 19. Qa4 Kh8 20. Ne5 Bxe5 21. Rxe5 f6 22. Ree1 Bxd5 23. Red1 b5 24. Qxb5 Nd6 25. Qa6 Rc6 26. Qxa7 Bxg2 27. Kxg2 Qc8 28. Qa4 Ra6 29. Qb3 c4 30. Qb4 Qc6+ 31. Kg1 Ne4 32. Bd4 Ra4 0-1

[Event "56th ch-RUS"]
[Site "Krasnoyarsk"]
[Date "2003.09.05"]
[Round "3"]
[White "Bachin, Vitaly"]
[Black "Sveshnikov, Evgeny"]
[Result "1-0"]
[WhiteElo "2472"]
[BlackElo "2561"]
[PlyCount "141"]
[EventDate "2003.09.03"]
[Source "Roberto Alvarez"]
[SourceDate "2003.09.15"]

1. e4 c5 2. Nc3 Nc6 3. g3 g6 4. Bg2 Bg7 5. d3 d6 6. f4 e5 7. fxe5 Nxe5 8. Nge2 Ne7 9. O-O O-O 10. Kh1 a6 11. Bg5 h6 12. Bf4 g5 13. Be3 b5 14. Bg1 b4 15. Nd5 Nxd5 16. exd5 Ng6 17. d4 c4 18. a3 Rb8 19. axb4 Rxb4 20. Ra2 f5 21. Qd2 a5 22. Nc1 Qb6 23. Qe2 Bd7 24. c3 Ra4 25. Rxa4 Bxa4 26. Qxc4 Bb5 27. Qb3 Qa6 28. Re1 a4 29. Qc2 Bc4 30. Re6 Kh7 31. Be3 g4 32. Kg1 Rf7 33. Bf4 Nxf4 34. gxf4 h5 35. h3 Kg8 36. hxg4 hxg4 37. Ne2 Bf6 38. Re8+ Kg7 39. Ng3 Bd3 40. Qf2 Kg6 41. Qe3 Qb5 42. Qe6 Qd7 43. Rg8+ Kh7 44. Ra8 Bh4 45. Nf1 Qb7 46. Qe8 Kg6 47. Qg8+ Rg7 48. Qe6+ Bf6 49. Rd8 Rf7 50. Ng3 Re7 51. Qg8+ Rg7 52. Qe8+ Qf7 53. Qxf7+ Rxf7 54. Rxd6 Rb7 55. Bf1 Bxf1 56. Kxf1 Rxb2 57. Ra6 Rc2 58. d6 Kf7 59. d7 Bd8 60. Nxf5 Rxc3 61. Ra8 Bf6 62. Nh6+ Ke6 63. Nxg4 Be7 64. d8=Q Bxd8 65. Rxd8 Kf5 66. Nf2 Rc4 67. Ke2 a3 68. Rf8+ Ke6 69. Ra8 Rc3 70. Ne4 Rh3 71. Ng5+ 1-0

[Event "Memorial Keres A"]
[Site "Tallinn EST"]
[Date "2007.01.10"]
[Round "7"]
[White "Onischuk, V."]
[Black "Timoshenko, G."]
[Result "1/2-1/2"]
[WhiteElo "2469"]
[BlackElo "2563"]
[PlyCount "132"]
[EventDate "2007.01.06"]
[Source "www.chesslib.no"]
[SourceDate "2004.05.04"]

1. e4 c5 2. Nc3 Nc6 3. g3 g6 4. Bg2 Bg7 5. d3 d6 6. f4 e6 7. Nf3 Nge7 8. O-O O-O 9. Kh1 Rb8 10. Be3 Nd4 11. Rb1 b6 12. Bg1 Qd7 13. Nxd4 cxd4 14. Ne2 e5 15. c3 dxc3 16. bxc3 f5 17. c4 fxe4 18. dxe4 Ba6 19. Rc1 Kh8 20. fxe5 Rxf1 21. Qxf1 dxe5 22. Nc3 Rf8 23. Qd1 Qxd1 24. Rxd1 Nc6 25. Rd7 Rd8 26. Rxd8+ Nxd8 27. c5 bxc5 28. Bxc5 Nc6 29. Bh3 Bb7 30. Be6 a6 31. Bd5 Bf6 32. Bb6 Kg7 33. Kg2 Be7 34. Na4 Kf6 35. Kf3 h5 36. Ke3 Bd8 37. Bxd8+ Nxd8 38. Nc5 Bc8 39. h4 g5 40. a3 gxh4 41. gxh4 Ke7 42. Bc4 Kd6 43. Nxa6 Bxa6 44. Bxa6 Ne6 45. Bc4 Nf4 46. Kf3 Kc5 47. Bf7 Kb5 48. Be8+ Kc4 49. a4 Kb4 50. Bxh5 Nxh5 51. Kg4 Nf6+ 52. Kf5 Nh5 53. Kxe5 Kxa4 54. Kd6 Ng3 55. Kd5 Kb5 56. e5 Kb6 57. Ke6 Kc7 58. Kf7 Nf5 59. h5 Nh6+ 60. Ke7 Kc6 61. e6 Kd5 62. Kd7 Ng8 63. e7 Nf6+ 64. Kd8 Ke6 65. h6 Kf7 66. h7 Kg7 1/2-1/2

[Event "XIX Czech Chladek & Tintera A Open"]
[Site "Pardubice CEC"]
[Date "2008.07.22"]
[Round "5"]
[White "Vokac, M."]
[Black "Gajewski, G."]
[Result "0-1"]
[WhiteElo "2451"]
[BlackElo "2575"]
[PlyCount "128"]
[EventDate "2008.07.18"]
[Source "www.chesslib.no"]
[SourceDate "2004.05.04"]

1. e4 c5 2. Nc3 Nc6 3. g3 g6 4. Bg2 Bg7 5. d3 d6 6. f4 e6 7. Nf3 Nge7 8. O-O O-O 9. Be3 b6 10. Bf2 Bb7 11. a3 Qd7 12. Qd2 f5 13. Rab1 Rae8 14. b4 cxb4 15. axb4 Rc8 16. exf5 Nxf5 17. Ne2 e5 18. c3 exf4 19. Nxf4 Kh8 20. d4 Nce7 21. Ra1 Ba8 22. Ra3 Nd5 23. Rfa1 Rc7 24. Ng5 Nxf4 25. Bxa8 Rxa8 26. Qxf4 Rf8 27. d5 Bh6 28. h4 Kg8 29. Re1 Bxg5 30. hxg5 Qb5 31. Qd2 Qc4 32. Qa2 Qg4 33. Qe2 Qxg5 34. Qe6+ Rcf7 35. Rxa7 Ng7 36. Rxf7 Nxe6 37. dxe6 Rxf7 38. exf7+ Kxf7 39. Rd1 Ke6 40. Kg2 b5 41. Bd4 h5 42. Re1+ Kd5 43. Re3 Qg4 44. Kh2 Kc4 45. Kg2 Kb3 46. Rf3 g5 47. Re3 Qd1 48. Rf3 Qe2+ 49. Rf2 Qe4+ 50. Kh2 Kc4 51. Rf6 h4 52. Rf2 Kd3 53. gxh4 Qxh4+ 54. Kg1 g4 55. Rh2 Qg3+ 56. Rg2 Qe1+ 57. Kh2 Qh4+ 58. Kg1 g3 59. Rb2 Qh5 60. Ra2 Ke4 61. Rd2 Qh3 62. Re2+ Kf3 63. Rc2 Qh7 64. Rb2 Qd3 0-1

[Event "Sao Paulo-ch fin"]
[Site "Serra Negra"]
[Date "2002.??.??"]
[Round "?"]
[White "Rodriguez, Andres"]
[Black "Leitao, Rafael"]
[Result "1/2-1/2"]
[WhiteElo "2467"]
[BlackElo "2558"]
[PlyCount "25"]
[EventDate "2002.05.30"]
[Source "ChessBase"]
[SourceDate "2002.07.08"]

1. e4 c5 2. Nc3 Nc6 3. g3 g6 4. Bg2 Bg7 5. d3 d6 6. f4 f5 7. exf5 gxf5 8. Qh5+ Kf8 9. Qd1 Nf6 10. Nf3 Nd4 11. O-O Nxf3+ 12. Bxf3 h5 13. Qe2 1/2-1/2

[Event "Hohenems"]
[Site "Hohenems"]
[Date "1995.??.??"]
[Round "?"]
[White "Donev, Ivo H"]
[Black "Georgiev, Kiril D"]
[Result "0-1"]
[WhiteElo "2385"]
[BlackElo "2625"]
[PlyCount "64"]
[EventDate "1995.??.??"]
[Source "www.chesslib.no"]
[SourceDate "2004.05.04"]

1. e4 c5 2. Nc3 Nc6 3. g3 g6 4. Bg2 Bg7 5. d3 d6 6. f4 e6 7. Nf3 Nge7 8. O-O O-O 9. Be3 b6 10. d4 Ba6 11. Rf2 Rc8 12. Rd2 Qc7 13. Bf1 Bxf1 14. Qxf1 cxd4 15. Nxd4 Nxd4 16. Bxd4 e5 17. fxe5 dxe5 18. Be3 f5 19. Rad1 fxe4 20. Qh3 Nf5 21. Rd7 Qc4 22. Nd5 Qxc2 23. Rc1 Qe2 24. Nf6+ Rxf6 25. Rxc8+ Rf8 26. Rxg7+ Kxg7 27. Rc7+ Kf6 28. Rc6+ Ke7 29. Qxh7+ Rf7 30. Rc7+ Kd6 31. Qxf7 Qxe3+ 32. Kg2 Qe2+ 0-1

[Event "Lazne Bohdanec"]
[Site "Lazne Bohdanec"]
[Date "1994.??.??"]
[Round "8"]
[White "Blatny, Pavel"]
[Black "Vokac, Marek"]
[Result "1-0"]
[WhiteElo "2525"]
[BlackElo "2485"]
[PlyCount "107"]
[EventDate "1994.02.??"]
[Source "ChessBase"]

1. e4 c5 2. Nc3 Nc6 3. g3 g6 4. Bg2 Bg7 5. d3 d6 6. f4 e6 7. Nf3 Nge7 8. O-O Nd4 9. Ne2 O-O 10. c3 Nxf3+ 11. Bxf3 Qd7 12. Be3 b6 13. Qd2 Bb7 14. g4 f5 15. h3 Rad8 16. Rad1 Bc6 17. Ng3 d5 18. Qg2 dxe4 19. dxe4 Qb7 20. Bc1 c4 21. Qe2 Rxd1 22. Rxd1 b5 23. exf5 Bxf3 24. Qxe6+ Rf7 25. Rd7 Qc6 26. Be3 gxf5 27. Rxe7 Qxe6 28. Rxe6 fxg4 29. Kf2 b4 30. Re8+ Rf8 31. Rxf8+ Bxf8 32. cxb4 a6 33. Bd2 Bd1 34. Ke1 Bf3 35. Kf2 Bd1 36. h4 Bc2 37. Nf1 h5 38. Ne3 Bd3 39. Nd5 Kf7 40. Bc3 Ke6 41. Ne3 Bd6 42. Kg3 Bc7 43. Bd4 Bd6 44. Bc5 Bc7 45. a4 Bd8 46. Bd4 Be7 47. b5 axb5 48. axb5 Bb4 49. b6 Be1+ 50. Kh2 Kd6 51. f5 Bxh4 52. f6 Be4 53. f7 Ke7 54. Nf5+ 1-0

[Event "Cannes Martinez Open"]
[Site "?"]
[Date "1996.??.??"]
[Round "6"]
[White "Golubovic Boris"]
[Black "Dorfman Josif D"]
[Result "1/2-1/2"]
[WhiteElo "2420"]
[BlackElo "2590"]
[PlyCount "33"]
[EventDate "1996.??.??"]
[Source "www.chesslib.no"]
[SourceDate "2004.05.04"]

1. e4 c5 2. Nc3 Nc6 3. g3 g6 4. Bg2 Bg7 5. d3 d6 6. f4 Nh6 7. Nf3 O-O 8. O-O f5 9. h3 Nf7 10. Be3 Nd4 11. Qd2 Bd7 12. Rae1 Bc6 13. Kh2 Qd7 14. Bg1 Rae8 15. Nxd4 cxd4 16. Nd5 e6 17. Nb4 1/2-1/2

[Event "Open"]
[Site "?"]
[Date "1999.06.29"]
[Round "4"]
[White "Braga Fernando"]
[Black "Delchev Aleksander"]
[Result "0-1"]
[WhiteElo "2461"]
[BlackElo "2548"]
[PlyCount "56"]
[EventDate "1999.??.??"]
[Source "www.chesslib.no"]
[SourceDate "2004.05.04"]

1. e4 c5 2. Nc3 Nc6 3. g3 g6 4. Bg2 Bg7 5. d3 d6 6. f4 e6 7. Nf3 Nge7 8. O-O O-O 9. Be3 b6 10. d4 d5 11. exd5 Nf5 12. Bf2 Ncxd4 13. Ne5 exd5 14. Nxd5 Be6 15. c4 Rc8 16. a4 Re8 17. b3 Bxd5 18. Bxd5 Bxe5 19. fxe5 Rxe5 20. Bxd4 cxd4 21. g4 Qg5 22. Qf3 Rf8 23. a5 b5 24. h4 Qe3+ 25. Rf2 Qxf3 26. Rxf3 Ne3 27. Re1 Nxc4 28. Rxe5 Nxe5 0-1

[Event "JUG-ch"]
[Site "Tivat"]
[Date "1994.??.??"]
[Round "3"]
[White "Lazic, Miroljub"]
[Black "Barlov, Dragan"]
[Result "0-1"]
[WhiteElo "2505"]
[BlackElo "2500"]
[PlyCount "76"]
[EventDate "1994.03.??"]
[Source "ChessBase"]

1. e4 c5 2. Nc3 Nc6 3. g3 g6 4. Bg2 Bg7 5. d3 d6 6. f4 e6 7. Nf3 Nge7 8. Be3 Nd4 9. Qd2 Qa5 10. O-O Bd7 11. Qf2 Nec6 12. Nh4 O-O 13. a3 Qd8 14. Rae1 Ne7 15. Nf3 e5 16. Qd2 Bg4 17. fxe5 dxe5 18. Rf2 Qd7 19. Ref1 f6 20. Bh6 Be6 21. h4 Rad8 22. h5 Nxf3+ 23. Bxf3 g5 24. Bxg7 Kxg7 25. Be2 h6 26. Nd1 c4 27. Ne3 cxd3 28. Bxd3 Qd4 29. Qb4 Qxb4 30. axb4 a6 31. Rd1 Rd6 32. c3 Rfd8 33. Rfd2 Bb3 34. Bc2 Rxd2 35. Bxb3 Rxd1+ 36. Nxd1 Rd2 37. Ne3 Rxb2 38. Bd5 b6 0-1

[Event "Ubeda op 6th"]
[Site "Ubeda"]
[Date "2001.01.26"]
[Round "6"]
[White "Gonzalez, Bernal M"]
[Black "Vera, Reynaldo"]
[Result "1/2-1/2"]
[WhiteElo "2440"]
[BlackElo "2562"]
[PlyCount "85"]
[EventDate "2001.01.21"]
[Source "ChessBase"]
[SourceDate "2001.03.08"]

1. e4 c5 2. Nc3 Nc6 3. g3 g6 4. Bg2 Bg7 5. d3 d6 6. f4 e6 7. Nf3 Nge7 8. O-O O-O 9. Be3 b6 10. d4 Ba6 11. Re1 Qc7 12. a4 Rad8 13. Nb5 Bxb5 14. axb5 Nxd4 15. Nxd4 cxd4 16. Bxd4 e5 17. Bc3 d5 18. Bxe5 Qc5+ 19. Kh1 dxe4 20. Qe2 f6 21. Bc3 f5 22. Bxg7 Kxg7 23. Rxa7 Ra8 24. Rb7 Rfb8 25. Rxb8 Rxb8 26. Rd1 Nd5 27. c3 Nf6 28. Bf1 Ra8 29. h3 h5 30. Rd4 Ra1 31. Kh2 h4 32. Kg2 hxg3 33. Qd2 Qc7 34. Be2 Rb1 35. Kxg3 g5 36. Rd6 Rxb2 37. Qd4 gxf4+ 38. Kxf4 Qe7 39. Bc4 e3 40. Re6 Qc7+ 41. Rd6 Qe7 42. Re6 Qc7+ 43. Rd6 1/2-1/2

[Event "Deutschland"]
[Site "?"]
[Date "1999.03.21"]
[Round "8.3"]
[White "Rogulj Branko"]
[Black "Kengis Edvins"]
[Result "1/2-1/2"]
[WhiteElo "2430"]
[BlackElo "2571"]
[PlyCount "56"]
[EventDate "1999.??.??"]
[Source "www.chesslib.no"]
[SourceDate "2004.05.04"]

1. e4 c5 2. Nc3 Nc6 3. g3 g6 4. Bg2 Bg7 5. d3 d6 6. f4 e6 7. Nf3 Nge7 8. O-O O-O 9. Be3 b6 10. d4 Ba6 11. Rf2 Qc7 12. a4 Rad8 13. Nb5 Bxb5 14. axb5 Nxd4 15. Nxd4 cxd4 16. Bxd4 e5 17. Bc3 exf4 18. Bxg7 fxg3 19. hxg3 Kxg7 20. Qd4+ f6 21. c4 Rf7 22. Bh3 Re8 23. Kh2 Ng8 24. b4 h5 25. Rfa2 Qb8 26. Rd2 Qc7 27. Rda2 Qb8 28. Rd2 Qc7 1/2-1/2